[Event "AUT-chT2M 2324"]
[Site "Austria"]
[Date "2023.12.02"]
[Round "4.6"]
[White "Frank, Paul"]
[Black "Nguyen, Le Minh Phu"]
[Result "1-0"]
[WhiteElo "2179"]
[BlackElo "2168"]
[PlyCount "89"]
[EventDate "2023.11.03"]
[EventType "team-tourn"]
[EventRounds "11"]
[EventCountry "AUT"]
[SourceTitle "CB16_2024"]
[SourceDate "2024.04.17"]
[SourceVersion "1"]
[SourceVersionDate "2024.04.17"]
[SourceQuality "1"]
[WhiteTeam "Villach Admira"]
[BlackTeam "Freistadt/Wartberg"]
[WhiteTeamCountry "AUT"]
[BlackTeamCountry "AUT"]

1. Nf3 Nf6 2. g3 b6 3. Bg2 Bb7 4. 0-0 g6 5. d4 Bg7 6. c4 0-0 7. Nc3 Ne4 8. Bd2 Nxd2 9. Qxd2 d6 10. d5 c5 11. dxc6 Nxc6 12. Rac1 Rc8 13. Bh3 Rb8 14. b3 Nb4 15. Nb5 Nc6 16. Rfd1 h6 17. Bg2 Kh7 18. h4 Qd7 19. Qf4 a6 20. Nc3 e5 21. Qd2 Nd4 22. Nd5 Bxd5 23. cxd5 Nxf3+ 24. Bxf3 f5 25. Rc6 e4 26. Bg2 Be5 27. Rdc1 Rb7 28. e3 Qf7 29. Bf1 Ra8 30. a4 g5 31. hxg5 hxg5 32. Qe2 Kg6 33. Qc4 b5 34. Qc2 Qxd5 35. g4 bxa4 36. gxf5+ Kxf5 37. Qe2 Rh8 38. bxa4 Bh2+ 39. Kg2 Qe5 40. Qd2 Rb2 41. R6c2 Rxc2 42. Qxc2 Bf4 43. Qc7 Kg6 44. Qc3 Qf5 45. Qxh8 1-0

[Event "AUT-ch Blitz"]
[Site "Graz"]
[Date "2023.06.09"]
[Round "2"]
[White "Baidetsky, Valentin"]
[Black "Frank, Paul"]
[Result "1-0"]
[WhiteElo "2492"]
[BlackElo "2214"]
[PlyCount "36"]
[EventDate "2023.06.09"]
[EventType "swiss (blitz)"]
[EventRounds "11"]
[EventCountry "AUT"]
[SourceTitle "CBM 214 Extra"]
[Source "ChessBase"]
[SourceDate "2023.07.31"]
[SourceVersion "1"]
[SourceVersionDate "2023.07.31"]
[SourceQuality "1"]

1. e4 c5 2. Nf3 Nc6 3. Bb5 g6 4. 0-0 Bg7 5. Re1 Nf6 6. Nc3 0-0 7. e5 Ng4 8. Bxc6 bxc6 9. h3 Nh6 10. d4 cxd4 11. Nxd4 f6 12. exf6 exf6 13. Bxh6 Bxh6 14. Ne4 Qc7 15. Nc5 Rb8 16. Rb1 Bg7 17. Re7 Qd6 18. Rxg7+ Kxg7 1-0

[Event "AUT-ch Blitz"]
[Site "Graz"]
[Date "2023.06.09"]
[Round "6"]
[White "Schreiner, Peter"]
[Black "Frank, Paul"]
[Result "1-0"]
[WhiteElo "2391"]
[BlackElo "2214"]
[PlyCount "91"]
[EventDate "2023.06.09"]
[EventType "swiss (blitz)"]
[EventRounds "11"]
[EventCountry "AUT"]
[SourceTitle "CBM 214 Extra"]
[Source "ChessBase"]
[SourceDate "2023.07.31"]
[SourceVersion "1"]
[SourceVersionDate "2023.07.31"]
[SourceQuality "1"]

1. d4 Nf6 2. Nf3 g6 3. g3 Bg7 4. Bg2 0-0 5. 0-0 d5 6. c3 Nbd7 7. a4 c5 8. a5 Ne4 9. Bf4 h6 10. Qa4 g5 11. Bc1 e5 12. dxe5 Nxe5 13. Nxe5 Bxe5 14. Nd2 Bd7 15. Qc2 Nxd2 16. Bxd2 Bc6 17. c4 d4 18. Bxc6 bxc6 19. Rab1 Rb8 20. b4 cxb4 21. Bxb4 Re8 22. Qd3 Qc7 23. Bd2 c5 24. a6 Qc6 25. Rb5 Qxa6 26. Rxc5 Rbc8 27. Rb5 Qc6 28. c5 Rb8 29. Ra5 Rb7 30. Ra6 Qxc5 31. Rxh6 Bg7 32. Qh7+ Kf8 33. Rh5 Rxe2 34. Rxg5 Be5 35. Bf4 Rb5 36. Rxe5 Rxe5 37. Qh8+ Ke7 38. Bxe5 Qxe5 39. Qa8 Qc5 40. Re1+ Kf6 41. Qh8+ Kg6 42. Re8 Rb1+ 43. Kg2 Qc6+ 44. Kh3 Qd7+ 45. g4 Rb3+ 46. Kh4 1-0

[Event "AUT-chT2M 2122"]
[Site "Austria"]
[Date "2021.10.03"]
[Round "3.4"]
[White "Huber, Martin Christian"]
[Black "Frank, Paul"]
[Result "1-0"]
[WhiteElo "2344"]
[BlackElo "2160"]
[PlyCount "45"]
[EventDate "2021.10.01"]
[EventType "team-tourn"]
[EventRounds "11"]
[EventCountry "AUT"]
[SourceTitle "CBM 204 Extra"]
[Source "ChessBase"]
[SourceDate "2021.11.30"]
[SourceVersion "1"]
[SourceVersionDate "2021.11.30"]
[SourceQuality "1"]
[WhiteTeam "Graz Schachfreunde"]
[BlackTeam "Villach Admira"]
[WhiteTeamCountry "AUT"]
[BlackTeamCountry "AUT"]

1. d4 Nf6 2. c4 g6 3. Nc3 d5 4. Nf3 Bg7 5. h4 h6 6. cxd5 Nxd5 7. e4 Nxc3 8. bxc3 0-0 9. h5 g5 10. Nxg5 c5 11. Nf3 cxd4 12. cxd4 Bg4 13. e5 Nc6 14. Rh4 Bxf3 15. Qxf3 Nxd4 16. Qe4 Nc2+ 17. Qxc2 Qa5+ 18. Kd1 Rad8+ 19. Bd2 Bxe5 20. Rc1 Qd5 21. Bc4 Qd6 22. Qg6+ Kh8 23. Qxd6 1-0

[Event "AUT-chT2M 2021"]
[Site "Graz"]
[Date "2021.04.11"]
[Round "5.3"]
[White "Frank, Paul"]
[Black "Meyer, Gordon"]
[Result "1/2-1/2"]
[WhiteElo "2177"]
[BlackElo "2216"]
[PlyCount "59"]
[EventDate "2021.03.12"]
[EventType "team-tourn"]
[EventRounds "5"]
[EventCountry "AUT"]
[SourceTitle "EXT 2022"]
[Source "ChessBase"]
[SourceDate "2021.10.06"]
[SourceVersion "1"]
[SourceVersionDate "2021.10.06"]
[SourceQuality "1"]
[WhiteTeam "Villach Admira"]
[BlackTeam "Steyregg"]
[WhiteTeamCountry "AUT"]
[BlackTeamCountry "AUT"]

1. Nf3 Nf6 2. g3 g6 3. Bg2 Bg7 4. 0-0 0-0 5. d4 d6 6. c4 Nc6 7. h3 a6 8. Nc3 Bd7 9. e4 e5 10. Be3 Qc8 11. Kh2 exd4 12. Nxd4 Ne5 13. b3 Re8 14. Nd5 Nxd5 15. cxd5 c5 16. dxc6 Nxc6 17. Rc1 Qc7 18. Ne2 Qa5 19. Qd2 Qxd2 20. Bxd2 d5 21. exd5 Rxe2 22. dxc6 Bxc6 23. Bxc6 bxc6 24. Be3 Rxa2 25. Rxc6 Ra1 26. Kg2 h5 27. Rxa1 Bxa1 28. Kf3 a5 29. Ke2 a4 30. bxa4 1/2-1/2

[Event "AUT-chT2M 2021"]
[Site "Graz"]
[Date "2021.04.10"]
[Round "4.3"]
[White "Bauer, Sebastian"]
[Black "Frank, Paul"]
[Result "1-0"]
[WhiteElo "2280"]
[BlackElo "2177"]
[PlyCount "61"]
[EventDate "2021.03.12"]
[EventType "team-tourn"]
[EventRounds "5"]
[EventCountry "AUT"]
[SourceTitle "EXT 2022"]
[Source "ChessBase"]
[SourceDate "2021.10.06"]
[SourceVersion "1"]
[SourceVersionDate "2021.10.06"]
[SourceQuality "1"]
[WhiteTeam "St Veit"]
[BlackTeam "Villach Admira"]
[WhiteTeamCountry "AUT"]
[BlackTeamCountry "AUT"]

1. c4 Nf6 2. Nc3 d5 3. cxd5 Nxd5 4. Nf3 g6 5. h4 h5 6. e4 Nxc3 7. dxc3 Qd6 8. Qd4 Qxd4 9. cxd4 Bg7 10. Bf4 c5 11. Rc1 Nd7 12. dxc5 Bxb2 13. Rc2 Ba3 14. Bb5 a6 15. Ba4 0-0 16. Be3 Nf6 17. 0-0 Bb4 18. Rb1 Ba5 19. Ng5 Bc7 20. c6 b5 21. Bb3 e6 22. a4 bxa4 23. Bxa4 Rd8 24. g3 a5 25. Rb7 Ne8 26. Kg2 f6 27. Nf3 Rb8 28. Rxb8 Bxb8 29. c7 Nxc7 30. Bb6 Bd7 31. Rd2 1-0

[Event "AUT-chT2M 2021"]
[Site "Graz"]
[Date "2021.03.13"]
[Round "3.3"]
[White "Teuschler, Barbara"]
[Black "Frank, Paul"]
[Result "1-0"]
[WhiteElo "2109"]
[BlackElo "2177"]
[PlyCount "120"]
[EventDate "2021.03.12"]
[EventType "team-tourn"]
[EventRounds "5"]
[EventCountry "AUT"]
[SourceTitle "CBM 201 Extra"]
[Source "ChessBase"]
[SourceDate "2021.05.31"]
[SourceVersion "1"]
[SourceVersionDate "2021.05.31"]
[SourceQuality "1"]
[WhiteTeam "Graz Schachfreunde"]
[BlackTeam "Villach Admira"]
[WhiteTeamCountry "AUT"]
[BlackTeamCountry "AUT"]

1. e4 c5 2. Nf3 Nc6 3. Nc3 g6 4. d4 cxd4 5. Nxd4 Bg7 6. Nb3 Nf6 7. Be2 0-0 8. 0-0 d6 9. Re1 Re8 10. Bf1 b6 11. Nd5 Bb7 12. c3 Rc8 13. a4 a6 14. Bg5 Nxd5 15. exd5 Ne5 16. h3 Nc4 17. Bxc4 Rxc4 18. Qd3 Rc8 19. Re2 h6 20. Be3 Rb8 21. c4 Qd7 22. Bd4 e5 23. dxe6 Rxe6 24. Rxe6 Qxe6 25. Bxg7 Kxg7 26. Qd4+ Kh7 27. Rd1 Bc6 28. Rd3 Qe1+ 29. Kh2 Qe5+ 30. Kg1 Qe1+ 31. Kh2 Qf1 32. Rg3 Re8 33. Nd2 Qe2 34. b3 Qe5 35. Qxb6 h5 36. h4 Ba8 37. Qe3 Qh8 38. Qf4 Kg8 39. Qxd6 Qa1 40. Nf3 Qb2 41. Qd7 Rb8 42. c5 Qf6 43. Qd4 Qe7 44. Ng5 a5 45. Re3 Qf8 46. Qc3 Rb4 47. g3 Bd5 48. Qc2 Qb8 49. c6 Rxh4+ 50. Nh3 Qc7 51. Re8+ Kg7 52. Qc3+ f6 53. Qe3 Kf7 54. Rh8 Rxh3+ 55. Kxh3 Be6+ 56. Kh2 Qxc6 57. Qa7+ Bd7 58. Rh7+ Ke6 59. Qxa5 Qf3 60. Qe1+ Kd5 1-0

[Event "AUT-ch Zwisch Internet"]
[Site "Playchess.com INT"]
[Date "2020.05.02"]
[Round "3"]
[White "Frank, Paul"]
[Black "Schloffer, Jasmin Denise"]
[Result "1-0"]
[WhiteElo "2210"]
[BlackElo "2110"]
[PlyCount "41"]
[EventDate "2020.05.02"]
[EventType "swiss (blitz)"]
[EventRounds "13"]
[EventCountry "AUT"]
[SourceTitle "CBM 195 Extra"]
[Source "ChessBase"]
[SourceDate "2020.05.31"]
[SourceVersion "1"]
[SourceVersionDate "2020.05.31"]
[SourceQuality "1"]

1. Nf3 Nf6 2. g3 e6 3. Bg2 d5 4. 0-0 c5 5. d4 Be7 6. c4 0-0 7. cxd5 Nxd5 8. e4 Nf6 9. Nc3 cxd4 10. Nxd4 e5 11. Ndb5 Qb6 12. Be3 Qc6 13. Rc1 Na6 14. Nxa7 Qe6 15. Nxc8 Raxc8 16. Nd5 Nxd5 17. exd5 Qd6 18. a3 Nc7 19. Bc5 Qf6 20. Bxe7 Qxe7 21. d6 1-0

[Event "AUT-ch Vor4 Internet"]
[Site "Playchess.com INT"]
[Date "2020.04.25"]
[Round "1"]
[White "Katter, Marlene"]
[Black "Frank, Paul"]
[Result "0-1"]
[WhiteElo "1609"]
[BlackElo "2210"]
[PlyCount "74"]
[EventDate "2020.04.25"]
[EventType "swiss (blitz)"]
[EventRounds "9"]
[EventCountry "AUT"]
[SourceTitle "EXT 2021"]
[Source "ChessBase"]
[SourceDate "2020.10.23"]
[SourceVersion "1"]
[SourceVersionDate "2020.10.23"]
[SourceQuality "1"]

1. d4 Nf6 2. Bf4 g6 3. e3 Bg7 4. Nf3 0-0 5. c4 d6 6. Nc3 Nbd7 7. Be2 Qe8 8. h3 e5 9. Bh2 e4 10. Nd2 Qe7 11. Qc2 Re8 12. 0-0 b6 13. Nb5 Nf8 14. c5 Ba6 15. cxd6 cxd6 16. Nc3 Bxe2 17. Nxe2 Rac8 18. Qb3 d5 19. Nc3 Qd7 20. a3 g5 21. Nb5 Rc6 22. Bg3 h5 23. Rac1 Rec8 24. Rxc6 Rxc6 25. Nc3 h4 26. Bh2 Ng6 27. f3 exf3 28. Nxf3 Qe6 29. Ne5 Nxe5 30. Bxe5 g4 31. Bxf6 Qxe3+ 32. Kh1 Rxf6 33. Rg1 gxh3 34. Qd1 Rf2 35. Nxd5 hxg2+ 36. Rxg2 Qh3+ 37. Kg1 Qxg2# 0-1

[Event "AUT-ch Vor4 Internet"]
[Site "Playchess.com INT"]
[Date "2020.04.25"]
[Round "4"]
[White "Reyhani, Adel"]
[Black "Frank, Paul"]
[Result "0-1"]
[WhiteElo "1918"]
[BlackElo "2210"]
[PlyCount "100"]
[EventDate "2020.04.25"]
[EventType "swiss (blitz)"]
[EventRounds "9"]
[EventCountry "AUT"]
[SourceTitle "EXT 2021"]
[Source "ChessBase"]
[SourceDate "2020.10.23"]
[SourceVersion "1"]
[SourceVersionDate "2020.10.23"]
[SourceQuality "1"]

1. e4 c5 2. Nf3 Nc6 3. d4 cxd4 4. Nxd4 g6 5. Be3 Bg7 6. c3 Nf6 7. Nxc6 bxc6 8. e5 Nd5 9. Qd2 Bxe5 10. Bh6 Qc7 11. g3 Rb8 12. Bg2 Ba6 13. Bf1 Bxf1 14. Kxf1 Nf6 15. f4 Bd6 16. Bg7 Rg8 17. Bxf6 exf6 18. Kg2 Bc5 19. Re1+ Kf8 20. Na3 Bxa3 21. bxa3 d5 22. c4 dxc4 23. f5 Kg7 24. Rac1 Rgd8 25. Qe2 Qd6 26. Red1 Qxa3 27. Rxd8 Rxd8 28. Rc2 Qc5 29. Rxc4 Qxf5 30. Rf4 Qd5+ 31. Kh3 c5 32. Qb2 Rd6 33. Qb8 Qe6+ 34. Kg2 Rd2+ 35. Rf2 Qe4+ 36. Kg1 Qe3 37. Qf4 Qxf2+ 38. Qxf2 Rxf2 39. Kxf2 f5 40. Ke2 Kf6 41. Kd3 Ke5 42. h4 Kd5 43. a3 c4+ 44. Kc3 Kc5 45. a4 a5 46. g4 fxg4 47. h5 gxh5 48. Kd2 h4 49. Ke3 h3 50. Kf2 c3 0-1

[Event "AUT-ch Vor3 Internet"]
[Site "Playchess.com INT"]
[Date "2020.04.17"]
[Round "4"]
[White "Wimmer, Kevin"]
[Black "Frank, Paul"]
[Result "1/2-1/2"]
[WhiteElo "1944"]
[BlackElo "2208"]
[PlyCount "151"]
[EventDate "2020.04.17"]
[EventType "swiss (blitz)"]
[EventRounds "9"]
[EventCountry "AUT"]
[SourceTitle "CBM 195 Extra"]
[Source "ChessBase"]
[SourceDate "2020.05.31"]
[SourceVersion "1"]
[SourceVersionDate "2020.05.31"]
[SourceQuality "1"]

1. e4 c5 2. Nf3 Nc6 3. Bb5 g6 4. Bxc6 bxc6 5. 0-0 Bg7 6. Re1 Nf6 7. c3 0-0 8. h3 d6 9. d4 cxd4 10. cxd4 d5 11. e5 Ne4 12. Nc3 Nxc3 13. bxc3 Bf5 14. Bf4 Qa5 15. Qd2 c5 16. Bg5 Rfe8 17. g4 Bd7 18. Bh6 cxd4 19. cxd4 Qxd2 20. Bxd2 Rec8 21. Rec1 Bf8 22. Ne1 h5 23. f3 e6 24. Kf2 Ba3 25. Rxc8+ Rxc8 26. Rb1 hxg4 27. hxg4 Bc6 28. Bc1 Be7 29. Bd2 Kg7 30. Rc1 Bd7 31. Rxc8 Bxc8 32. g5 Ba6 33. Nc2 Bc4 34. a3 Bb3 35. Bb4 Bxg5 36. Ne1 Bc4 37. Ng2 Bc1 38. Ne3 Bd3 39. Nd1 f6 40. exf6+ Kxf6 41. Nc3 Kf5 42. Na4 Bc4 43. Nc5 a5 44. Bxa5 Bxa3 45. Nd7 Bc1 46. Ne5 Bb5 47. Bb6 Bf4 48. Bc7 Bc1 49. Bd6 g5 50. Bc7 Kf6 51. Bd6 Bb2 52. Bc5 Kf5 53. Ke3 Be8 54. Bb6 Bh5 55. Bc5 g4 56. fxg4+ Bxg4 57. Bd6 Bh5 58. Bc5 Bc1+ 59. Kd3 Bf4 60. Bd6 Bd1 61. Kc3 Be2 62. Bc7 Ke4 63. Bd6 Bg3 64. Kd2 Bb5 65. Kc3 Be1+ 66. Kc2 Be2 67. Bc5 Bh5 68. Nc6 Bg3 69. Kc3 Be8 70. Ne7 Bf7 71. Nc8 e5 72. Nd6+ Kf4 73. Nxf7 exd4+ 74. Kxd4 Bf2+ 75. Kxd5 Bxc5 76. Kxc5 1/2-1/2

[Event "AUT-ch Vor2 Internet"]
[Site "Playchess.com INT"]
[Date "2020.04.13"]
[Round "8"]
[White "Kozissnik, Christian"]
[Black "Frank, Paul"]
[Result "0-1"]
[WhiteElo "2023"]
[BlackElo "2210"]
[PlyCount "36"]
[EventDate "2020.04.13"]
[EventType "swiss (blitz)"]
[EventRounds "9"]
[EventCountry "AUT"]
[SourceTitle "CBM 195 Extra"]
[Source "ChessBase"]
[SourceDate "2020.05.31"]
[SourceVersion "1"]
[SourceVersionDate "2020.05.31"]
[SourceQuality "1"]

1. d4 Nf6 2. c4 g6 3. Nc3 d5 4. e3 Bg7 5. Nf3 0-0 6. b3 c5 7. cxd5 Nxd5 8. Nxd5 Qxd5 9. Bb2 Nc6 10. Bc4 Qh5 11. 0-0 Rd8 12. d5 Bxb2 13. Rb1 Bf6 14. dxc6 Rxd1 15. Rfxd1 Bf5 16. cxb7 Rb8 17. Rd5 Bxb1 18. Rxh5 gxh5 0-1

[Event "AUT-ch Vor2 Internet"]
[Site "Playchess.com INT"]
[Date "2020.04.13"]
[Round "4"]
[White "Moritz, Christian"]
[Black "Frank, Paul"]
[Result "0-1"]
[WhiteElo "2077"]
[BlackElo "2210"]
[PlyCount "74"]
[EventDate "2020.04.13"]
[EventType "swiss (blitz)"]
[EventRounds "9"]
[EventCountry "AUT"]
[SourceTitle "CBM 195 Extra"]
[Source "ChessBase"]
[SourceDate "2020.05.31"]
[SourceVersion "1"]
[SourceVersionDate "2020.05.31"]
[SourceQuality "1"]

1. d4 Nf6 2. Nf3 g6 3. c4 Bg7 4. Nc3 d5 5. cxd5 Nxd5 6. e4 Nxc3 7. bxc3 0-0 8. Be2 c5 9. 0-0 Bg4 10. Be3 cxd4 11. cxd4 Nc6 12. d5 Ne5 13. Rb1 Nxf3+ 14. Bxf3 Bxf3 15. Qxf3 b6 16. Rfd1 Rc8 17. Rd2 Qd7 18. Qd1 Rc4 19. Bd4 Rfc8 20. Bxg7 Kxg7 21. e5 Qf5 22. f4 Qxf4 23. d6 Qxe5 24. d7 Rd8 25. Qb3 Rc7 26. Rf1 e6 27. Qd3 Rc3 28. Qd4 Qxd4+ 29. Rxd4 Rc7 30. Rfd1 Kf6 31. Rf1+ Ke7 32. Rh4 h5 33. Rhf4 f5 34. h3 Rcxd7 35. g4 hxg4 36. hxg4 Kf6 37. gxf5 gxf5 0-1

[Event "AUT-ch Vor1 Internet"]
[Site "Playchess.com INT"]
[Date "2020.04.11"]
[Round "3"]
[White "Doskocil, Klaus"]
[Black "Frank, Paul"]
[Result "1/2-1/2"]
[WhiteElo "2157"]
[BlackElo "2210"]
[PlyCount "131"]
[EventDate "2020.04.11"]
[EventType "swiss (blitz)"]
[EventRounds "9"]
[EventCountry "AUT"]
[SourceTitle "CBM 195 Extra"]
[Source "ChessBase"]
[SourceDate "2020.05.31"]
[SourceVersion "1"]
[SourceVersionDate "2020.05.31"]
[SourceQuality "1"]

1. e4 c5 2. Nc3 Nc6 3. g3 g6 4. Bg2 Bg7 5. f4 e6 6. Nf3 Nge7 7. 0-0 0-0 8. d3 f5 9. e5 d5 10. Bd2 a6 11. a4 d4 12. Ne2 Nd5 13. h3 b6 14. Kh2 Bb7 15. Ng5 Qe7 16. Bxd5 exd5 17. h4 h6 18. Nf3 Nd8 19. b3 Ne6 20. Qc1 Kf7 21. Kg2 Rac8 22. Qa3 a5 23. Rab1 Rfd8 24. Rfc1 Ba6 25. Ra1 Bf8 26. Rcb1 Rb8 27. Kf2 Rdc8 28. Rc1 c4 29. Qxe7+ Bxe7 30. dxc4 dxc4 31. Nexd4 Nc5 32. Be3 Ne4+ 33. Kg2 Bb7 34. Rd1 Bc5 35. Bg1 Rd8 36. bxc4 Rbc8 37. Rab1 Rc7 38. Nb5 Rcd7 39. Rxd7+ Rxd7 40. Bxc5 Nxc5 41. Kf2 Ne4+ 42. Ke1 Nxg3 43. Nd6+ Ke6 44. Nxb7 Rxb7 45. c5 Ne4 46. Rxb6+ Rxb6 47. cxb6 Kd7 48. Nd4 Nc5 49. h5 gxh5 50. Nxf5 Nxa4 51. b7 Kc7 52. Nxh6 Kxb7 53. f5 Kc7 54. f6 Nc5 55. f7 Ne6 56. Nf5 Kd7 57. Kd2 h4 58. Nxh4 Ke7 59. Kc3 Kxf7 60. Kb3 Nc5+ 61. Kc4 Nd7 62. Kb5 Nxe5 63. Kxa5 Ke6 64. Kb5 Kd6 65. c4 Nxc4 66. Kxc4 1/2-1/2

[Event "AUT-ch Vor1 Internet"]
[Site "Playchess.com INT"]
[Date "2020.04.11"]
[Round "5"]
[White "Frank, Paul"]
[Black "Knoll, Martin"]
[Result "1-0"]
[WhiteElo "2210"]
[BlackElo "2018"]
[PlyCount "47"]
[EventDate "2020.04.11"]
[EventType "swiss (blitz)"]
[EventRounds "9"]
[EventCountry "AUT"]
[SourceTitle "CBM 195 Extra"]
[Source "ChessBase"]
[SourceDate "2020.05.31"]
[SourceVersion "1"]
[SourceVersionDate "2020.05.31"]
[SourceQuality "1"]

1. Nf3 f5 2. g3 Nf6 3. Bg2 g6 4. 0-0 Bg7 5. d4 0-0 6. b3 c6 7. Bb2 d6 8. c4 Nbd7 9. Qc2 Qe8 10. Nbd2 e5 11. dxe5 dxe5 12. e4 Nc5 13. Nxe5 Nfxe4 14. Nxe4 Nxe4 15. f4 Qd8 16. Rad1 Qb6+ 17. Bd4 Qc7 18. Rfe1 Nf6 19. Bc5 Rd8 20. Rxd8+ Qxd8 21. Rd1 Qc7 22. Bd6 Qb6+ 23. c5 Qa5 24. Qc4+ 1-0

[Event "AUT-chT2M 1718"]
[Site "Austria"]
[Date "2017.10.28"]
[Round "2.1"]
[White "Frank, Paul"]
[Black "Schieder, Andreas"]
[Result "0-1"]
[WhiteElo "2191"]
[BlackElo "2241"]
[PlyCount "66"]
[EventDate "2017.10.27"]
[EventType "team-tourn"]
[EventRounds "11"]
[EventCountry "AUT"]
[SourceTitle "CBM 181 Extra"]
[Source "ChessBase"]
[SourceDate "2017.12.12"]
[SourceVersion "1"]
[SourceVersionDate "2017.12.12"]
[SourceQuality "1"]
[WhiteTeam "Villach Admira"]
[BlackTeam "Pinggau Friedberg"]
[WhiteTeamCountry "AUT"]
[BlackTeamCountry "AUT"]

1. Nf3 d6 2. d4 Bg4 3. Nbd2 Nd7 4. g3 e5 5. Bg2 f5 6. dxe5 dxe5 7. h3 Bh5 8. Nh4 Qf6 9. Bxb7 Rd8 10. Bf3 Bxf3 11. exf3 Nh6 12. Qe2 g5 13. Ng2 Bg7 14. 0-0 0-0 15. Nc4 f4 16. g4 e4 17. Nd2 exf3 18. Nxf3 Nf7 19. Nge1 Qc6 20. a4 a6 21. Qe7 Rfe8 22. Qa3 Re4 23. Bd2 h5 24. gxh5 Qe6 25. Kh2 g4 26. hxg4 Qxg4 27. Rg1 Qxh5+ 28. Kg2 Nde5 29. Bc3 Rxe1 30. Nxe1 f3+ 31. Kf1 Qh3+ 32. Ng2 Ng4 33. Bxg7 Re8 0-1

[Event "AUT-chT2M 1718"]
[Site "Austria"]
[Date "2017.10.27"]
[Round "1.4"]
[White "Wiesinger, Robert"]
[Black "Frank, Paul"]
[Result "1-0"]
[WhiteElo "2206"]
[BlackElo "2191"]
[PlyCount "153"]
[EventDate "2017.10.27"]
[EventType "team-tourn"]
[EventRounds "11"]
[EventCountry "AUT"]
[SourceTitle "CBM 181 Extra"]
[Source "ChessBase"]
[SourceDate "2017.12.12"]
[SourceVersion "1"]
[SourceVersionDate "2017.12.12"]
[SourceQuality "1"]
[WhiteTeam "Steyregg"]
[BlackTeam "Villach Admira"]
[WhiteTeamCountry "AUT"]
[BlackTeamCountry "AUT"]

1. e4 c5 2. Nf3 Nc6 3. Bb5 g6 4. Bxc6 bxc6 5. 0-0 Bg7 6. Re1 Nh6 7. c3 0-0 8. h3 f6 9. d4 cxd4 10. cxd4 d6 11. Nc3 Nf7 12. Be3 Qa5 13. Rc1 Bd7 14. Qd2 Rfd8 15. Qd3 Rab8 16. Nd2 Qh5 17. b3 Qa5 18. Nc4 Qa6 19. d5 c5 20. f4 Qc8 21. Bf2 Bh6 22. Qf3 Rf8 23. Rcd1 Rb4 24. Bg3 g5 25. e5 gxf4 26. e6 fxg3 27. Qg4+ Kh8 28. exd7 Qd8 29. Re4 f5 30. Qxf5 Ng5 31. Qg4 Nxe4 32. Nxe4 Rb7 33. Qh5 Bf4 34. Rf1 Qxd7 35. Ng5 e5 36. dxe6 Qg7 37. Nf7+ Rbxf7 38. exf7 Be5 39. Nxe5 Qxe5 40. Qxe5+ dxe5 41. Rf3 e4 42. Rf4 Kg7 43. Rxe4 Rxf7 44. Rg4+ Kf8 45. Rxg3 Rd7 46. Rc3 Rd5 47. Kf1 Ke7 48. Ke2 Rg5 49. Kf3 Kd6 50. g4 Rg7 51. Rc4 Kd5 52. h4 Rf7+ 53. Rf4 Re7 54. g5 Re1 55. Ra4 Re7 56. h5 Rf7+ 57. Rf4 Re7 58. Rf5+ Kd4 59. Kg4 Re2 60. Rf4+ Ke5 61. Rf5+ Kd4 62. Rf3 Ke5 63. g6 hxg6 64. hxg6 Rg2+ 65. Kh5 Ke6 66. a4 a5 67. Kh6 Ke7 68. g7 Rh2+ 69. Kg6 Rg2+ 70. Kh7 Rh2+ 71. Kg8 Re2 72. Rf5 Re3 73. Kh7 Rh3+ 74. Kg6 Rg3+ 75. Rg5 Rxg5+ 76. Kxg5 Kf7 77. Kf5 1-0

[Event "AUT-ch"]
[Site "Graz"]
[Date "2017.08.20"]
[Round "9"]
[White "Titz, Heimo"]
[Black "Frank, Paul"]
[Result "0-1"]
[WhiteElo "2124"]
[BlackElo "2180"]
[PlyCount "64"]
[EventDate "2017.08.12"]
[EventType "swiss"]
[EventRounds "9"]
[EventCountry "AUT"]
[SourceTitle "CBM 180 Extra"]
[Source "ChessBase"]
[SourceDate "2017.10.06"]
[SourceVersion "1"]
[SourceVersionDate "2017.10.06"]
[SourceQuality "1"]

1. c4 Nf6 2. Nc3 d5 3. cxd5 Nxd5 4. g3 g6 5. Bg2 Nb6 6. Nf3 Bg7 7. d3 Nc6 8. 0-0 0-0 9. Be3 Re8 10. Qc1 e5 11. Bh6 Bh8 12. Rd1 Nd4 13. Nxd4 exd4 14. Ne4 c6 15. Re1 Qe7 16. h3 Be6 17. Qc5 f5 18. Qxe7 Rxe7 19. Bg5 Rf7 20. Nc5 Bd5 21. a4 Bxg2 22. Kxg2 Nd5 23. a5 Be5 24. Ne6 Re8 25. Nf4 Nb4 26. Rac1 Kg7 27. e3 h6 28. Bh4 g5 29. Rc4 Bd6 30. Rxd4 Bf8 31. Rc1 gxf4 32. gxf4 c5 0-1

[Event "AUT-ch"]
[Site "Graz"]
[Date "2017.08.17"]
[Round "6"]
[White "Frank, Paul"]
[Black "Goessler, Markus"]
[Result "1/2-1/2"]
[WhiteElo "2180"]
[BlackElo "2170"]
[PlyCount "171"]
[EventDate "2017.08.12"]
[EventType "swiss"]
[EventRounds "9"]
[EventCountry "AUT"]
[SourceTitle "CBM 180 Extra"]
[Source "ChessBase"]
[SourceDate "2017.10.06"]
[SourceVersion "1"]
[SourceVersionDate "2017.10.06"]
[SourceQuality "1"]

1. Nf3 d5 2. g3 Nf6 3. Bg2 e6 4. d4 Be7 5. 0-0 0-0 6. c4 dxc4 7. Ne5 c5 8. dxc5 Qc7 9. Nxc4 Qxc5 10. b3 Rd8 11. Qe1 Qb5 12. Nc3 Qa6 13. a4 Bd7 14. Ba3 Bxa3 15. Rxa3 Bc6 16. e4 b6 17. Qe3 Qb7 18. b4 Qe7 19. Rb3 Nbd7 20. Rd1 Nf8 21. Rxd8 Rxd8 22. b5 Ba8 23. a5 bxa5 24. Nxa5 Qc7 25. Ra3 N8d7 26. h3 Nb6 27. Kh2 h6 28. Ne2 Qd7 29. Rb3 Qd1 30. Rc3 Ne8 31. Nc6 Bxc6 32. bxc6 Nc7 33. Bf3 Qd6 34. Nf4 Nc8 35. Rd3 Qe7 36. Rb3 Qd6 37. Rd3 Qe7 38. Rb3 Qd6 39. e5 Qe7 40. Rb7 Kf8 41. Qe1 Qa3 42. Bh5 Qe7 43. Qa5 Nb6 44. Rxa7 Nba8 45. Bf3 Rc8 46. Be2 Qe8 47. Qc5+ Kg8 48. Bf3 Qd8 49. Qd6 Nb5 50. Qxd8+ Rxd8 51. Rd7 Rc8 52. Nd3 Nbc7 53. Nb4 Nb6 54. Rd4 Kf8 55. Be4 Ke7 56. f4 Ncd5 57. Bxd5 Nxd5 58. Nxd5+ exd5 59. Rxd5 Rxc6 60. h4 Ke6 61. Rd8 f6 62. exf6 Kxf6 63. Kh3 Ra6 64. h5 Ra5 65. Kg4 Kf7 66. Rd7+ Kf6 67. Rd6+ Kf7 68. Rb6 Rc5 69. Rb4 Ra5 70. Re4 Rb5 71. Re5 Rb3 72. Rc5 Ra3 73. Rf5+ Kg8 74. Kh4 Rb3 75. g4 Rb1 76. g5 hxg5+ 77. fxg5 Rb4+ 78. Kg3 g6 79. hxg6 Kg7 80. Rf4 Rb1 81. Kg4 Kxg6 82. Rf6+ Kg7 83. Rf4 Kg6 84. Rf6+ Kg7 85. Rf4 Kg6 86. Rf6+ 1/2-1/2